000 00417nam a2200193Ia 4500
005 20250603145744.0
008 250603s9999 xx 000 0 und d
020 _a9780132758994
050 _aGV 716 .F68/
100 _aFort, Rodney D.
245 0 _aSports economics
250 _a3rd ed.
260 _aBoston
260 _bPearson
260 _c2012
300 _a520 p
650 _aBoston
942 _cBK
999 _c42760
_d42760